TEXT BOOK OF MEDICINE FOR MBBS (Record no. 29110)

MARC details
000 -LEADER
fixed length control field 00371nam a22001697a 4500
003 - CONTROL NUMBER IDENTIFIER
control field SGT
020 ## - INTERNATIONAL STANDARD BOOK NUMBER
International Standard Book Number 9789394102323
082 ## - DEWEY DECIMAL CLASSIFICATION NUMBER
Classification number 616.07
Item number M24C
100 ## - MAIN ENTRY--PERSONAL NAME
Personal name CHUGH,S.N
245 ## - TITLE STATEMENT
Title TEXT BOOK OF MEDICINE FOR MBBS
250 ## - EDITION STATEMENT
Edition statement 4TH
260 ## - PUBLICATION, DISTRIBUTION, ETC. (IMPRINT)
Place of publication, distribution, etc DELHI
Name of publisher, distributor, etc ARYA PUB.
Year of Publication 2024
300 ## - PAGE DESCRIPTION
No. of Pages 716, 1363
650 ## - SUBJECT ADDED ENTRY--TOPICAL TERM
Topical term or geographic name as entry element MEDICINE
653 ## - KEYWORDS--INDEX TERM
Keyword term MEDICINE , MBBS
942 ## - ADDED ENTRY ELEMENTS (KOHA)
Source of classification or shelving scheme Dewey Decimal Classification
Koha item type Books
Holdings
Withdrawn status Lost status Source of classification or shelving scheme Damaged status Not for loan Collection code Home library Current library Shelving location Date acquired Vendor Name Cost, normal purchase price Volume Information (Serial or Books or Non-Book Material) SGTU Bill Number Total Checkouts Full call number Accession No. (Barcode) Date last seen Date last borrowed Bill Date Koha item type
    Dewey Decimal Classification     AYURVEDA SGT FA-FP Library SGT FA-FP Library Text Book 17/01/2025 AHUJA PUB. 2500.00 1 SGTU 19920 1 616.07 M24C FA12585 27/06/2025 12/06/2025 21/11/2024 Books
    Dewey Decimal Classification     AYURVEDA SGT FA-FP Library SGT FA-FP Library Text Book 17/01/2025 AHUJA PUB. 2500.00 2 SGTU 19920   616.07 M24C FA12586 17/01/2025   21/11/2024 Books